Manual de historia de la lengua española

Salvato in:
Dettagli Bibliografici
Autore principale: Bolaño e Isla, Amancio (Autore)
Natura: Libro
Lingua:spagnolo
Pubblicazione: Ciudad de México Porrúa 1959
Soggetti:
Tags: Aggiungi Tag
Nessun Tag, puoi essere il primo ad aggiungerne!!

MARC

LEADER 00000nam a2200000 a 4500
001 UCM2395
003 CL-VaPUC
005 20241120161833.0
008 020510e19590000MX |||||||||||||||||spa|d
999 |c 300244  |d 300242 
040 |c Pontificia Universidad Católica de Valparaíso 
082 0 4 |a 467  |b BOL  |2 21 
100 0 |a Bolaño e Isla, Amancio  |e author  |9 469133 
245 1 0 |a Manual de historia de la lengua española 
260 |a Ciudad de México  |b Porrúa  |c 1959 
300 |a 221 p 
583 |a last modification  |c 20020510 00:00:00  |k Rodrigo Vera 
650 0 |a Historia de la lengua española  |2 CL-VaPUC  |9 541231 
650 0 |a Lingüística  |9 265068 
650 0 |a Gramática española  |2 CL-VaPUC  |9 403055 
650 0 |a Latín   |9 269544 
942 |c BK  |2 ddc 
945 |d 20020510 00:00:00  |a vberengu 
952 |0 0  |1 0  |4 0  |6 467_000000000000000_BOL_1959  |7 0  |8 P  |9 357781  |a BIBEDU  |b BIBEDU  |c BIBEDU_PB  |d 2019-11-21  |i 3815374  |l 1  |m 1  |o 467 BOL 1959  |p 3815374  |r 2024-01-25  |s 2023-04-10  |w 2019-11-21  |y BK  |k BME